[Event "XLVI Torneo Internacional "]
[Site "La Habana (Hotel Habana Rivie"]
[Date "2011.05.11"]
[Round "1.1"]
[White "Ivanchuk, Vassily"]
[Black "Navara, David"]
[Result "1/2-1/2"]
[WhiteElo "2776"]
[BlackElo "2702"]
[PlyCount "89"]
[EventDate "2011.05.11"]

1. e4 e5 2. Nf3 Nc6 3. Bc4 Bc5 4. c3 Nf6 5. d3 a6 6. Bb3 Ba7 7. h3 d6 8. Nbd2
O-O 9. Nf1 d5 10. Qe2 Be6 11. Ng3 dxe4 12. dxe4 Bxb3 13. axb3 Ne8 14. Nd2 Nd6
15. Nc4 Qf6 16. Nxd6 Qxd6 17. Nf5 Qg6 18. Qf3 Rae8 19. b4 Ne7 20. Be3 Bxe3 21.
Nxe3 Rd8 22. O-O Qe6 23. Rfd1 Nc8 24. Qf5 Qxf5 25. exf5 Nb6 26. g4 f6 27. Kg2
Kf7 28. c4 Nc8 29. Kf3 h5 30. b3 Ne7 31. b5 axb5 32. cxb5 Rd4 33. Rxd4 exd4 34.
Nc4 hxg4+ 35. hxg4 Nd5 36. b6 Nxb6 37. Nxb6 cxb6 38. Ke4 Rd8 39. Kd3 g6 40.
fxg6+ Kxg6 41. Ra7 Kg5 42. f3 Kf4 43. Rxb7 Kxf3 44. Rf7 Kxg4 45. Rxf6 1/2-1/2

[Event "XLVI Torneo Internacional "]
[Site "La Habana (Hotel Habana Rivie"]
[Date "2011.05.13"]
[Round "3.1"]
[White "Dominguez, Perez Leinier"]
[Black "Navara, David"]
[Result "1/2-1/2"]
[WhiteElo "2726"]
[BlackElo "2702"]
[PlyCount "73"]
[EventDate "2011.05.11"]

1. c4 e5 2. g3 Nf6 3. Bg2 d5 4. cxd5 Nxd5 5. Nc3 Nb6 6. Nf3 Nc6 7. O-O Be7 8.
a3 O-O 9. b4 Be6 10. d3 Nd4 11. Bb2 Nxf3+ 12. Bxf3 c6 13. Qc2 f6 14. Rab1 Rf7
15. Rfd1 Bf8 16. Ba1 a5 17. b5 Bxa3 18. bxc6 bxc6 19. Na4 Rb8 20. Nc5 Bxc5 21.
Qxc5 Ba2 22. Rb2 Bd5 23. e4 Na4 24. Rxb8 Qxb8 25. Qxa5 Ra7 26. Qd2 Be6 27. d4
Qb3 28. Qe3 Qxe3 29. fxe3 exd4 30. exd4 Nb6 31. Bb2 Ra2 32. Bc1 Nc4 33. Re1 c5
34. dxc5 Ra5 35. Be3 Nxe3 36. Rxe3 Rxc5 37. h4 1/2-1/2

[Event "XLVI Torneo Internacional "]
[Site "La Habana (Hotel Habana Rivie"]
[Date "2011.05.13"]
[Round "3.3"]
[White "Bruzon Batista, Lazaro"]
[Black "Le Quang, Liem"]
[Result "0-1"]
[WhiteElo "2693"]
[BlackElo "2687"]
[PlyCount "108"]
[EventDate "2011.05.11"]

1. d4 Nf6 2. c4 g6 3. g3 Bg7 4. Bg2 d5 5. cxd5 Nxd5 6. e4 Nb6 7. Ne2 c5 8. d5
O-O 9. O-O e6 10. Nec3 exd5 11. exd5 Na6 12. a4 Nc4 13. Nd2 Nxd2 14. Bxd2 Bf5
15. Be3 Qd7 16. Qd2 b6 17. Bh6 Nb4 18. Bxg7 Kxg7 19. b3 Rad8 20. Qb2 f6 21.
Rad1 Rfe8 22. Rd2 Bd3 23. Rfd1 Qf5 24. h3 h5 25. Na2 Bc2 26. Rf1 Nxa2 27. Rxc2
Nb4 28. Rd2 h4 29. Kh2 Qg5 30. g4 Qf4+ 31. Kh1 Nc6 32. Qc3 a5 33. Rd3 Nd4 34.
Re3 Ne2 35. Rxe8 Rxe8 36. Qd3 Nd4 37. Kg1 f5 38. gxf5 gxf5 39. Kh1 Kh7 40. Qc4
Kh6 41. d6 Qxd6 42. Rg1 Qf6 43. Bf3 Rd8 44. Qc1+ f4 45. Qc3 Rd7 46. Rg4 Rg7 47.
Rxg7 Kxg7 48. Bg4 Qc6+ 49. Kh2 Qe4 50. Qd2 Kg6 51. Kg1 Kg5 52. Kh2 Kg6 53. Qc1
f3 54. Qc4 Qe5+ 0-1

[Event "XLVI Torneo Internacional "]
[Site "La Habana (Hotel Habana Rivie"]
[Date "2011.05.14"]
[Round "4.1"]
[White "Navara, David"]
[Black "Le Quang, Liem"]
[Result "1/2-1/2"]
[WhiteElo "2702"]
[BlackElo "2687"]
[PlyCount "128"]
[EventDate "2011.05.11"]

1. e4 c5 2. Nf3 d6 3. d4 cxd4 4. Nxd4 Nf6 5. Nc3 a6 6. Be3 e5 7. Nb3 Be6 8. Qd2
Nbd7 9. f3 h5 10. O-O-O Be7 11. h3 b5 12. Kb1 Qc7 13. Bd3 b4 14. Nd5 Nxd5 15.
exd5 Bxd5 16. Bg5 a5 17. Rhe1 Be6 18. Bxe7 Kxe7 19. f4 Nf6 20. fxe5 dxe5 21.
Qg5 a4 22. Rxe5 axb3 23. Rxe6+ Kxe6 24. Qe3+ Kd7 25. cxb3 Qa7 26. Ba6+ Kc6 27.
Qf3+ Kb6 28. Rd6+ Kc7 29. Qc6+ Kb8 30. Rd4 Nd5 31. Qxd5 Qb6 32. Qe5+ Ka7 33.
Qe7+ Kxa6 34. Rd6 Rab8 35. Rxb6+ Rxb6 36. Qxf7 g6 37. Qc4+ Kb7 38. Qd5+ Ka6 39.
Qd3+ Ka7 40. a4 Rhb8 41. Qd4 Ka6 42. Qc4+ Ka7 43. Qc5 Ka6 44. Kc2 R8b7 45. Kd3
Rb8 46. Qc4+ Ka7 47. Ke4 Ra6 48. Kf4 Rb7 49. Qc5+ Ka8 50. Kg5 Kb8 51. Kh6 Ka8
52. g4 hxg4 53. hxg4 Kb8 54. Qd5 Ka8 55. Qd8+ Ka7 56. g5 Rb8 57. Qd4+ Ka8 58.
Qd5+ Rb7 59. a5 Ka7 60. Qd8 Rb8 61. Qd4+ Ka8 62. Qd7 Rb7 63. Qd8+ Ka7 64. Qa8+
Kxa8 1/2-1/2

[Event "XLVI Torneo Internacional "]
[Site "La Habana (Hotel Habana Rivie"]
[Date "2011.05.14"]
[Round "4.2"]
[White "Ivanchuk, Vassily"]
[Black "Bruzon Batista, Lazaro"]
[Result "0-1"]
[WhiteElo "2776"]
[BlackElo "2693"]
[PlyCount "198"]
[EventDate "2011.05.11"]

1. e4 e5 2. Nf3 Nc6 3. d4 exd4 4. Nxd4 Bc5 5. Be3 Qf6 6. c3 Nge7 7. Bc4 O-O 8.
O-O Bb6 9. Na3 Qg6 10. Qd2 Qxe4 11. Rfe1 Qg6 12. Bd3 Qh5 13. Nxc6 Nxc6 14. Bxb6
cxb6 15. Nb5 d5 16. Nc7 Rb8 17. Nxd5 Be6 18. Be4 Rbd8 19. Rad1 b5 20. h3 Qh4
21. a3 Kh8 22. Qe3 a6 23. Nf4 Bb3 24. Rxd8 Qxd8 25. Bxc6 bxc6 26. Qc5 Re8 27.
Rxe8+ Qxe8 28. Nd3 a5 29. Qe5 Qd8 30. Nc5 h6 31. Kh2 a4 32. Ne4 f6 33. Qf4 Bd5
34. Nd6 Qc7 35. f3 Kg8 36. Kg3 Qe7 37. Nf5 Qd7 38. h4 Be6 39. Nd4 Bd5 40. Kf2
Kh8 41. g4 Kg8 42. h5 Kh8 43. Nf5 Be6 44. Nh4 Qd8 45. Qe3 Qd6 46. Ng6+ Kg8 47.
Kg2 Bd7 48. Kh3 Kf7 49. Qe4 Be6 50. Kg2 Qd2+ 51. Kg3 Qd6+ 52. Qf4 Qd1 53. Qd4
Qe1+ 54. Kf4 Qc1+ 55. Qe3 Qd1 56. Qa7+ Bd7 57. Qd4 Qc1+ 58. Qe3 Qxe3+ 59. Kxe3
c5 60. Kf4 Bc6 61. Nh4 Bd7 62. Ke4 Bc6+ 63. Kf5 Bb7 64. Kf4 Bc8 65. Ng2 Ke6 66.
Ne3 Kf7 67. Nd5 Bb7 68. Nc7 Bc6 69. Na6 Ke6 70. Nxc5+ Kd5 71. Nd3 Kc4 72. Nc1
Bb7 73. Ke3 Bd5 74. f4 Be6 75. Kf3 Bd5+ 76. Kg3 Bf7 77. Kh4 Bd5 78. Kg3 Bf7 79.
Kf2 Bd5 80. Ke3 Be6 81. f5 Bd5 82. Ne2 Kb3 83. Nd4+ Kxb2 84. Nxb5 Bc4 85. Nd6
Kxc3 86. Ne8 Kb2 87. Kd4 Bf7 88. Nxg7 Kxa3 89. Kc3 Ka2 90. Ne6 a3 91. Kc2 Bg8
92. Nd4 Bd5 93. Kc1 Bc4 94. g5 fxg5 95. f6 Bd5 96. Nf5 g4 97. Kc2 Bb3+ 98. Kc1
Bf7 99. Nxh6 g3 0-1

[Event "XLVI Torneo Internacional "]
[Site "La Habana (Hotel Habana Rivie"]
[Date "2011.05.14"]
[Round "4.3"]
[White "Dominguez, Perez Leinier"]
[Black "Andreikin, Dmitry"]
[Result "0-1"]
[WhiteElo "2726"]
[BlackElo "2687"]
[PlyCount "68"]
[EventDate "2011.05.11"]

1. e4 c5 2. Nf3 e6 3. d4 cxd4 4. Nxd4 a6 5. c4 Nf6 6. Nc3 Bb4 7. Bd2 Qc7 8. a3
Be7 9. Be3 d6 10. Be2 O-O 11. O-O b6 12. Qd2 Bb7 13. f3 Nbd7 14. Rfe1 Rac8 15.
a4 a5 16. Ndb5 Qb8 17. Bf4 Ne5 18. b3 Rfd8 19. Kh1 h5 20. Bf1 h4 21. Qf2 Rc5
22. Be3 d5 23. exd5 exd5 24. cxd5 h3 25. Red1 Nxd5 26. Bxc5 Bxc5 27. Qg3 Nxc3
28. Rxd8+ Qxd8 29. Qxe5 Nd1 30. Ra2 Ne3 31. Nc3 Nxf1 32. Re2 Nd2 33. Qg3 hxg2+
34. Rxg2 g6 0-1

[Event "XLVI Torneo Internacional "]
[Site "La Habana (Hotel Habana Rivie"]
[Date "2011.05.15"]
[Round "5.2"]
[White "Bruzon Batista, Lazaro"]
[Black "Dominguez, Perez Leinier"]
[Result "1/2-1/2"]
[WhiteElo "2693"]
[BlackElo "2726"]
[PlyCount "33"]
[EventDate "2011.05.11"]

1. e4 e5 2. Nf3 Nf6 3. Nxe5 d6 4. Nf3 Nxe4 5. d4 d5 6. Bd3 Nc6 7. O-O Be7 8. c4
Nb4 9. Re1 Nxd3 10. Qxd3 c6 11. cxd5 cxd5 12. Qb5+ Qd7 13. Qb3 O-O 14. Nc3 Nxc3
15. bxc3 Re8 16. Ba3 Bf6 17. Re3 1/2-1/2

[Event "XLVI Torneo Internacional "]
[Site "La Habana (Hotel Habana Rivie"]
[Date "2011.05.17"]
[Round "6.1"]
[White "Navara, David"]
[Black "Ivanchuk, Vassily"]
[Result "1/2-1/2"]
[WhiteElo "2702"]
[BlackElo "2776"]
[PlyCount "93"]
[EventDate "2011.05.11"]

1. e4 e5 2. Nf3 Nf6 3. Nxe5 d6 4. Nf3 Nxe4 5. d4 d5 6. Bd3 Nc6 7. O-O Be7 8.
Re1 Bg4 9. Nc3 Nxc3 10. bxc3 O-O 11. Bf4 Bh5 12. Rb1 Rb8 13. Qe2 Bd6 14. Qe3
Bxf4 15. Qxf4 Bxf3 16. Qxf3 Qd6 17. h4 b6 18. Re3 Rbe8 19. Rbe1 Rxe3 20. Rxe3
g6 21. h5 Kg7 22. Qh3 Ne7 23. Qh4 Re8 24. Bb5 c6 25. Bxc6 Qxc6 26. Rxe7 Rxe7
27. Qxe7 gxh5 28. Qe5+ Kf8 29. Qb8+ Kg7 30. Qg3+ Kf8 31. Kh2 a5 32. Qb8+ Kg7
33. Qe5+ f6 34. Qxh5 Qxc3 35. Qxd5 Qxc2 36. f3 a4 37. Qd7+ Kg6 38. Qe8+ Kg7 39.
Qe7+ Kg6 40. d5 Qd2 41. Qe4+ Kg7 42. f4 b5 43. f5 Kf8 44. Qe6 Qf4+ 45. g3 Qf2+
46. Kh3 Qf1+ 47. Kh2 1/2-1/2

[Event "XLVI Torneo Internacional "]
[Site "La Habana (Hotel Habana Rivie"]
[Date "2011.05.17"]
[Round "6.3"]
[White "Bruzon Batista, Lazaro"]
[Black "Andreikin, Dmitry"]
[Result "0-1"]
[WhiteElo "2693"]
[BlackElo "2687"]
[PlyCount "78"]
[EventDate "2011.05.11"]

1. e4 c5 2. Nf3 e6 3. d4 cxd4 4. Nxd4 a6 5. Bd3 Bc5 6. Nb3 Be7 7. Be3 Nc6 8.
N1d2 d5 9. exd5 exd5 10. O-O Nf6 11. h3 O-O 12. Re1 Re8 13. Bf4 Nb4 14. Bf1 Nc6
15. c3 Bf5 16. Nf3 Ne4 17. Nbd4 Nxd4 18. Nxd4 Bg6 19. g3 h6 20. Bg2 Qd7 21. Rc1
Bc5 22. Be3 Rad8 23. Nb3 Bf8 24. Qd4 Bf5 25. h4 Bh3 26. Qd1 Bxg2 27. Kxg2 f5
28. Qf3 Bd6 29. Bb6 f4 30. Bxd8 fxg3 31. Qh5 Re5 32. Qg6 gxf2 33. Re3 Qxd8 34.
Rh1 Qd7 35. Kf1 Re6 36. Qg4 h5 37. Qxh5 Ng3+ 38. Rxg3 Bxg3 39. Kg2 Re1 0-1

[Event "XLVI Torneo Internacional "]
[Site "La Habana (Hotel Habana Rivie"]
[Date "2011.05.18"]
[Round "7.1"]
[White "Bruzon Batista, Lazaro"]
[Black "Navara, David"]
[Result "0-1"]
[WhiteElo "2693"]
[BlackElo "2702"]
[PlyCount "164"]
[EventDate "2011.05.11"]

1. e4 e5 2. Nf3 Nc6 3. Bb5 a6 4. Ba4 Nf6 5. d3 Bc5 6. Bxc6 dxc6 7. h3 Bd6 8.
Nbd2 c5 9. Nc4 Nd7 10. O-O O-O 11. Be3 Re8 12. Nfd2 b5 13. Na5 Nf8 14. c3 Ne6
15. a3 Nf4 16. Bxf4 exf4 17. Qf3 Be6 18. d4 cxd4 19. cxd4 c5 20. Nb7 Qd7 21.
Nxd6 Qxd6 22. d5 Bd7 23. Rfe1 Re5 24. Rad1 Rae8 25. Qxf4 Rxd5 26. Qxd6 Rxd6 27.
Nb3 Rxe4 28. Nxc5 Rxe1+ 29. Rxe1 Kf8 30. f3 a5 31. Kf2 Bc6 32. Re2 b4 33. axb4
axb4 34. Ke3 Bb5 35. Rc2 g5 36. Ne4 Rd3+ 37. Kf2 h6 38. Rc5 Bd7 39. Rc2 Bf5 40.
Re2 Kg7 41. Ng3 Bg6 42. Ke1 Kf6 43. Ne4+ Bxe4 44. Rxe4 Rb3 45. Re2 Kf5 46. Kd1
Rd3+ 47. Ke1 h5 48. Re4 Rb3 49. Re2 f6 50. Kf2 g4 51. hxg4+ hxg4 52. fxg4+ Kxg4
53. Re4+ Kg5 54. Re2 f5 55. Rd2 f4 56. Rd5+ Kh4 57. Rd4 Kg4 58. Rd2 Kf5 59. Ke2
Rg3 60. Kf2 Re3 61. Rd4 Rb3 62. Rd2 Kg4 63. Rc2 Rd3 64. Ke2 Rb3 65. Kf2 Kf5 66.
Rd2 Ke4 67. Re2+ Kd4 68. Rd2+ Kc4 69. Rc2+ Kb5 70. Rd2 Ka4 71. Re2 Rd3 72. Re4
Rd2+ 73. Kf3 Rxb2 74. Rxf4 Rc2 75. Re4 Ka3 76. Re8 b3 77. Ra8+ Kb2 78. g4 Rc4
79. Kg3 Kc3 80. Rf8 b2 81. Rf1 Kb3 82. g5 Rc1 0-1

[Event "XLVI Torneo Internacional "]
[Site "La Habana (Hotel Habana Rivie"]
[Date "2011.05.18"]
[Round "7.2"]
[White "Andreikin, Dmitry"]
[Black "Le Quang, Liem"]
[Result "1/2-1/2"]
[WhiteElo "2687"]
[BlackElo "2687"]
[PlyCount "78"]
[EventDate "2011.05.11"]

1. e4 c5 2. Nc3 d6 3. Nge2 Nf6 4. g3 g6 5. Bg2 Nc6 6. d3 Bg7 7. O-O O-O 8. h3
Rb8 9. f4 Nd7 10. a4 a6 11. g4 b5 12. axb5 axb5 13. f5 b4 14. Nd5 Nb6 15. Nef4
Nxd5 16. Nxd5 e6 17. Ne3 Bb7 18. Qe1 Ne5 19. Qf2 Bf6 20. g5 Bxg5 21. f6 Kh8 22.
Ra7 Rg8 23. Ng4 Bxc1 24. Rxc1 Qb6 25. Rca1 g5 26. Nxe5 dxe5 27. R1a5 Rbc8 28.
Bf3 Rg6 29. Bh5 Rh6 30. Bxf7 Rh4 31. Rxb7 Qxa5 32. Bxe6 Rf8 33. Qf5 Qa1+ 34.
Kg2 Qc1 35. Qxe5 Qxc2+ 36. Kg1 Qd1+ 37. Kg2 Qe2+ 38. Kg1 Qe3+ 39. Kg2 Qe2+
1/2-1/2

[Event "XLVI Torneo Internacional "]
[Site "La Habana (Hotel Habana Rivie"]
[Date "2011.05.18"]
[Round "7.3"]
[White "Dominguez, Perez Leinier"]
[Black "Ivanchuk, Vassily"]
[Result "1/2-1/2"]
[WhiteElo "2726"]
[BlackElo "2776"]
[PlyCount "77"]
[EventDate "2011.05.11"]

1. e4 c5 2. Nf3 e6 3. d4 cxd4 4. Nxd4 a6 5. c4 Nf6 6. Nc3 Bb4 7. Bd2 O-O 8. e5
Bxc3 9. Bxc3 Ne4 10. Qc2 Nxc3 11. Qxc3 d5 12. Rd1 Nc6 13. cxd5 exd5 14. Nxc6
bxc6 15. Qxc6 Qa5+ 16. Qc3 Qxa2 17. b4 Bg4 18. f3 Bf5 19. Ra1 d4 20. Qxd4 Qb3
21. Be2 Rfd8 22. Qf4 Qb2 23. O-O Rd2 24. Qxf5 Rxe2 25. Qg4 h5 26. Qxh5 Rxg2+
27. Kh1 Rg6 28. Rg1 Rd8 29. Raf1 Qe2 30. Re1 Rxg1+ 31. Rxg1 Rd3 32. Qg4 Qxf3+
33. Qxf3 Rxf3 34. Ra1 Rf4 35. Rxa6 Rxb4 36. e6 Rb7 37. Ra8+ Kh7 38. exf7 Rxf7
39. Kg2 1/2-1/2

[Event "XLVI Torneo Internacional "]
[Site "La Habana (Hotel Habana Rivie"]
[Date "2011.05.19"]
[Round "8.1"]
[White "Navara, David"]
[Black "Dominguez, Perez Leinier"]
[Result "0-1"]
[WhiteElo "2702"]
[BlackElo "2726"]
[PlyCount "98"]
[EventDate "2011.05.11"]

1. d4 Nf6 2. c4 g6 3. Nc3 Bg7 4. e4 d6 5. Bd3 O-O 6. Nge2 c5 7. d5 e6 8. Bg5 h6
9. Bh4 g5 10. Bg3 Nh5 11. O-O Na6 12. a3 Nc7 13. Qc2 Rb8 14. Rab1 Nxg3 15. Nxg3
Bd7 16. b4 Be5 17. bxc5 dxc5 18. Nce2 Ne8 19. f4 gxf4 20. Nxf4 Qg5 21. Nge2
exd5 22. exd5 Nd6 23. Kh1 Rbe8 24. Rf2 Kh8 25. Rbf1 Rg8 26. Ng3 Bg4 27. Nfe2
Qh4 28. Rxf7 Nxf7 29. Rxf7 Re7 30. Rxe7 Qxe7 31. Nf5 Qg5 32. Neg3 h5 33. Qf2 h4
34. Qe1 Bxg3 35. Qc3+ Rg7 36. Qxg7+ Qxg7 37. Nxg7 Kxg7 38. hxg3 hxg3 39. Kg1
Kf6 40. Kf1 Ke5 41. Ke1 Kd4 42. Bg6 Kxc4 43. Bf7 Kb5 44. Be8+ Kb6 45. d6 Bf5
46. a4 a5 47. Kd2 Be4 48. Ke3 Bxg2 49. Kf4 Bc6 0-1

[Event "XLVI Torneo Internacional "]
[Site "La Habana (Hotel Habana Rivie"]
[Date "2011.05.19"]
[Round "8.2"]
[White "Ivanchuk, Vassily"]
[Black "Andreikin, Dmitry"]
[Result "1-0"]
[WhiteElo "2776"]
[BlackElo "2687"]
[PlyCount "91"]
[EventDate "2011.05.11"]

1. d4 Nf6 2. c4 c5 3. d5 g6 4. Nc3 Bg7 5. e4 d6 6. Nge2 O-O 7. Ng3 a6 8. a4 e6
9. Be2 exd5 10. cxd5 Nbd7 11. O-O Re8 12. f3 Rb8 13. Be3 h5 14. Qd2 Nh7 15. Bh6
Bd4+ 16. Be3 Bg7 17. Rfd1 h4 18. Nf1 h3 19. g3 b5 20. axb5 axb5 21. Nxb5 Ne5
22. Nc3 f5 23. Ra7 Qb6 24. Rxg7+ Kxg7 25. b4 Ba6 26. b5 Bxb5 27. Nxb5 Qxb5 28.
f4 Qa4 29. fxe5 Qxe4 30. Bh6+ Kg8 31. Ne3 Qxe5 32. Bf4 Qe7 33. Bd3 Nf6 34. Nc4
Rbd8 35. Bg5 Qf7 36. Qb2 Rf8 37. Bf1 Rb8 38. Qc1 Ne4 39. Bxh3 Rb3 40. Bf1 f4
41. Bxf4 g5 42. Nxd6 Nxd6 43. Bxd6 Qf2+ 44. Kh1 Rf5 45. Bxc5 Qa2 46. Bc4 1-0

[Event "XLVI Torneo Internacional "]
[Site "La Habana (Hotel Habana Rivie"]
[Date "2011.05.19"]
[Round "8.3"]
[White "Le Quang, Liem"]
[Black "Bruzon Batista, Lazaro"]
[Result "1-0"]
[WhiteElo "2687"]
[BlackElo "2693"]
[PlyCount "93"]
[EventDate "2011.05.11"]

1. d4 d5 2. Nf3 Nf6 3. c4 c6 4. e3 Bf5 5. Nc3 e6 6. Nh4 Be4 7. f3 Bg6 8. Qb3
Qc7 9. Bd2 Be7 10. g3 a6 11. Rc1 dxc4 12. Bxc4 O-O 13. O-O Nbd7 14. e4 e5 15.
dxe5 Nxe5 16. Be2 Rad8 17. Be3 b5 18. Nxg6 hxg6 19. f4 Nd3 20. Rcd1 Nc5 21. Qc2
Qc8 22. Bf3 Qh3 23. Qf2 Ne6 24. Qg2 Qxg2+ 25. Kxg2 Bc5 26. Kf2 Bxe3+ 27. Kxe3
Nd7 28. e5 Nb6 29. b3 c5 30. Bb7 Rd4 31. Bxa6 b4 32. Ne2 Ra8 33. Bb7 Ra7 34.
Be4 Rxd1 35. Rxd1 Rxa2 36. Rd6 Nc8 37. Rd7 Ra3 38. Rb7 Rxb3+ 39. Kf2 Kh7 40.
Rxf7 Rb2 41. Kf3 Rb3+ 42. Kg4 Re3 43. Bd5 Nd8 44. Rf8 Ne7 45. Bc4 Ndc6 46. Ng1
Re4 47. Nf3 1-0

[Event "XLVI Torneo Internacional "]
[Site "La Habana (Hotel Habana Rivie"]
[Date "2011.05.20"]
[Round "9.1"]
[White "Le Quang, Liem"]
[Black "Navara, David"]
[Result "1-0"]
[WhiteElo "2687"]
[BlackElo "2702"]
[PlyCount "135"]
[EventDate "2011.05.11"]

1. Nf3 Nf6 2. c4 g6 3. Nc3 d5 4. cxd5 Nxd5 5. Qc2 Bg7 6. e4 Nb4 7. Qa4+ N8c6 8.
d4 Bd7 9. Qb3 Bxd4 10. Nd5 a5 11. a3 Na6 12. Nxd4 Nxd4 13. Qc3 e5 14. Bxa6 c6
15. Bxb7 Rb8 16. Be3 Rxb7 17. Bxd4 cxd5 18. Bxe5 O-O 19. O-O dxe4 20. Rfd1 Qc8
21. Qe3 Ba4 22. Rd6 Rd7 23. Rb6 Qd8 24. h3 Rd3 25. Qxe4 Re8 26. Ra6 Rd5 27.
Qxa4 Rdxe5 28. Qb3 Qd4 29. Qc3 Qxc3 30. bxc3 Rc8 31. Rc1 Rc4 32. Kf1 Rec5 33.
Ke2 Ra4 34. Kd3 Rxa3 35. Kd4 Rc8 36. Rc2 Ra1 37. c4 Rd1+ 38. Kc3 Rd5 39. Ra2
Rd1 40. Rc2 Rd5 41. Rb6 h5 42. Kb3 Rd1 43. Kb2 Rc5 44. Kc3 Rdd5 45. Rcb2 Kf8
46. R6b5 Ke7 47. Re2+ Kd6 48. Rb6+ Kc7 49. Reb2 Rd1 50. Rb7+ Kc8 51. Rb8+ Kd7
52. R2b7+ Rc7 53. Rxc7+ Kxc7 54. Rf8 f5 55. Rg8 Rd6 56. c5 Ra6 57. Rg7+ Kd8 58.
Kb3 a4+ 59. Ka3 f4 60. f3 Ke8 61. h4 Rc6 62. Kb4 Ra6 63. Kb5 a3 64. c6 Ra5+ 65.
Kb4 Ra4+ 66. Kb3 Kf8 67. c7 Ra8 68. Rh7 1-0

[Event "XLVI Torneo Internacional "]
[Site "La Habana (Hotel Habana Rivie"]
[Date "2011.05.20"]
[Round "9.2"]
[White "Bruzon Batista, Lazaro"]
[Black "Ivanchuk, Vassily"]
[Result "0-1"]
[WhiteElo "2693"]
[BlackElo "2776"]
[PlyCount "56"]
[EventDate "2011.05.11"]

1. e4 c6 2. d4 d5 3. Nc3 dxe4 4. Nxe4 Bf5 5. Ng3 Bg6 6. h4 h6 7. Nf3 e6 8. h5
Bh7 9. Bd3 Bxd3 10. Qxd3 Nf6 11. Ne4 Nbd7 12. Bd2 a5 13. O-O-O Bb4 14. Bxb4
axb4 15. Nd6+ Ke7 16. Ne5 Rf8 17. Nec4 Qc7 18. Rhe1 b5 19. Ne3 Rxa2 20. Qb3 Ra4
21. Re2 Qa7 22. Nef5+ Kd8 23. Nxf7+ Rxf7 24. Qxe6 Nb6 25. b3 Ra1+ 26. Kd2 Rxd1+
27. Kxd1 Qd7 28. Nxg7 Nbd5 0-1

[Event "XLVI Torneo Internacional "]
[Site "La Habana (Hotel Habana Rivie"]
[Date "2011.05.20"]
[Round "9.3"]
[White "Andreikin, Dmitry"]
[Black "Dominguez, Perez Leinier"]
[Result "1/2-1/2"]
[WhiteElo "2687"]
[BlackElo "2726"]
[PlyCount "35"]
[EventDate "2011.05.11"]

1. d4 d5 2. Nf3 Nf6 3. c4 c6 4. Nc3 dxc4 5. a4 e6 6. e3 c5 7. Bxc4 Nc6 8. O-O
Be7 9. Qe2 cxd4 10. Rd1 O-O 11. exd4 Nd5 12. Qe4 Nf6 13. Qe2 Nd5 14. Qe4 Nf6
15. Qe2 Nd5 16. Qe4 Nf6 17. Qe2 Nd5 18. Qe4 1/2-1/2

[Event "XLVI Torneo Internacional "]
[Site "La Habana (Hotel Habana Rivie"]
[Date "2011.05.21"]
[Round "10.1"]
[White "Navara, David"]
[Black "Andreikin, Dmitry"]
[Result "1/2-1/2"]
[WhiteElo "2702"]
[BlackElo "2687"]
[PlyCount "106"]
[EventDate "2011.05.11"]

1. d4 Nf6 2. c4 e6 3. Nc3 Bb4 4. Qc2 O-O 5. e4 d6 6. a3 Bxc3+ 7. bxc3 e5 8. Bd3
c5 9. Ne2 Nc6 10. d5 Na5 11. a4 Nh5 12. h4 Qf6 13. f3 h6 14. Kf2 Bd7 15. Bd2 a6
16. Qb2 Rfc8 17. Qb6 Qd8 18. Qxd6 f6 19. g4 b5 20. axb5 Nb7 21. Qc6 Bxc6 22.
bxc6 Na5 23. gxh5 Nxc6 24. Rhg1 Kh8 25. Be3 Ne7 26. Rg2 Rc7 27. Ra5 Qd6 28. Rg1
Qb6 29. Ra3 f5 30. exf5 Qf6 31. Ng3 Rb8 32. Ra2 Rcb7 33. Kg2 Rb2+ 34. Rxb2
Rxb2+ 35. Kh3 Ng8 36. Rg2 Rb3 37. Rc2 Qf8 38. Ne4 Qxf5+ 39. Kg2 Qxh5 40. Nxc5
Rb8 41. Ne4 Nf6 42. Ng3 Qxh4 43. d6 g5 44. Nf5 Qh5 45. Kg3 Qh1 46. Rh2 Nh5+ 47.
Rxh5 Qxh5 48. c5 Rb2 49. Bf2 Rxf2 50. Kxf2 Qh2+ 51. Kf1 Qh1+ 52. Kf2 Qh2+ 53.
Kf1 Qh1+ 1/2-1/2

[Event "XLVI Torneo Internacional "]
[Site "La Habana (Hotel Habana Rivie"]
[Date "2011.05.21"]
[Round "10.2"]
[White "Dominguez, Perez Leinier"]
[Black "Bruzon Batista, Lazaro"]
[Result "1/2-1/2"]
[WhiteElo "2726"]
[BlackElo "2693"]
[PlyCount "26"]
[EventDate "2011.05.11"]

1. d4 Nf6 2. c4 e6 3. g3 d5 4. Nf3 Bb4+ 5. Bd2 Bxd2+ 6. Qxd2 c6 7. Bg2 Nbd7 8.
O-O b6 9. Rc1 O-O 10. Ne5 Bb7 11. cxd5 cxd5 12. Nc3 Rc8 13. Nxd7 Qxd7 1/2-1/2

[Event "XLVI Torneo Internacional "]
[Site "La Habana (Hotel Habana Rivie"]
[Date "2011.05.21"]
[Round "10.3"]
[White "Ivanchuk, Vassily"]
[Black "Le Quang, Liem"]
[Result "1-0"]
[WhiteElo "2776"]
[BlackElo "2687"]
[PlyCount "97"]
[EventDate "2011.05.11"]

1. e4 e6 2. d4 d5 3. Nd2 c5 4. exd5 Qxd5 5. Ngf3 cxd4 6. Bc4 Qd6 7. O-O Nf6 8.
Nb3 Nc6 9. Nbxd4 Nxd4 10. Nxd4 a6 11. Re1 Qc7 12. Qe2 Bd7 13. Bg5 O-O-O 14.
Rad1 Bc5 15. h3 Kb8 16. Bh4 Ba4 17. Nf3 Rxd1 18. Rxd1 Rd8 19. Rxd8+ Qxd8 20. b3
Be8 21. Qe5+ Qd6 22. Qg5 Ne4 23. Qxg7 Qd1+ 24. Kh2 Bd6+ 25. Bg3 Nxg3 26. fxg3
Bc6 27. Qxf7 Qxc2 28. Qxe6 Kc7 29. Bd5 Bd7 30. Qe3 Qxa2 31. Qc3+ Kb6 32. Nd2
Bc5 33. Ne4 Qa3 34. Bxb7 a5 35. Bd5 a4 36. Qf6+ Kc7 37. bxa4 Ba7 38. Qe5+ Kd8
39. Nd6 Qe3 40. Nb7+ Kc8 41. Qh8+ Be8 42. Qxe8+ Qxe8 43. Nd6+ Kd8 44. Nxe8 Kxe8
45. a5 Ke7 46. h4 Kf6 47. Kh3 Kf5 48. Bb3 h6 49. a6 1-0